000 00692nam a2200241Ia 4500
003 OSt
005 20220926013327.0
006 a|||||r|||| 00| 0
007 ta
008 220923b |||||||| |||| 00| 0 eng d
037 _cGeneral Book
040 _aRTL
_cRTL
_beng
041 _2eng
_aeng
082 _aS:7b4, K4
100 _aMednick Martha T Ed.
_9318117
245 0 _aResearch in personality
260 _aNew York
_bHolt Rinehart & Winston Inc.
_c1964
300 _ax,627p.
_ccm.
650 _aPsychology
700 _a Mednick Sarnoff A Ed.
_9318118
942 _hS:7b4, K4
_cGB
_2CC
999 _c625727
_d625727